[Event "Olimpiada de Khanty-Mansiysk 2010"]
[Site "Khanty-Mansiysk RUS"]
[Date "2010.09.25"]
[Round "5"]
[White "Salov, Sergej"]
[Black "Mastrovasilis, Athanasios"]
[Result "0-1"]
[WhiteElo "2271"]
[BlackElo "2556"]
[PlyCount "100"]
[EventDate "2010.09.21"]
[EventType "team"]
[EventRounds "11"]
[EventCountry "RUS"]
[Source "lmi"]
[SourceDate "2010.09.21"]
[WhiteTeam "ICS"]
[BlackTeam "Grecia"]
[BlackTeamCountry "GRE"]

1. e4 e5 2. Nf3 Nc6 3. Bb5 a6 4. Ba4 Nf6 5. O-O Be7 6. Re1 b5 7. Bb3 d6 8. c3
O-O 9. d4 Bg4 10. d5 Na5 11. Bc2 Qc8 12. Nbd2 c6 13. dxc6 Qxc6 14. h3 Be6 15.
Nf1 Rad8 16. Ng3 Nc4 17. b3 Nb6 18. Bd2 Rfe8 19. Ng5 Bc8 20. a4 bxa4 21. b4 h6
22. Nf3 Bf8 23. Rxa4 Nxa4 24. Bxa4 Qc4 25. Bxe8 Rxe8 26. Nh2 d5 27. exd5 Qxd5
28. Be3 Qc6 29. Qd3 Bb7 30. f3 e4 31. Nxe4 Nxe4 32. fxe4 Qg6 33. Qf1 Bxe4 34.
Bc5 Bxg2 35. Rxe8 Bc6+ 36. Ng4 Bxe8 37. Bxf8 Kxf8 38. Kf2 Qc2+ 39. Kg1 Qxc3 40.
Qf4 Qxh3 41. Qd6+ Kg8 42. Ne5 Qg3+ 43. Kh1 Kh7 44. Qd4 f5 45. Qc5 Bh5 46. Qd5
Be2 47. Qe6 Bf3+ 48. Nxf3 Qxf3+ 49. Kg1 Qe4 50. Qxa6 Qxb4 0-1

[Event "Olimpiada de Khanty-Mansiysk 2010"]
[Site "Khanty-Mansiysk RUS"]
[Date "2010.09.25"]
[Round "5"]
[White "Battulga, Namkhai"]
[Black "Lenic, Luka"]
[Result "0-1"]
[WhiteElo "2421"]
[BlackElo "2603"]
[PlyCount "122"]
[EventDate "2010.09.21"]
[EventType "team"]
[EventRounds "11"]
[EventCountry "RUS"]
[Source "lmi"]
[SourceDate "2010.09.21"]
[WhiteTeam "Mongolia"]
[BlackTeam "Eslovenia"]
[WhiteTeamCountry "MGL"]
[BlackTeamCountry "SLO"]

1. e4 c6 2. d4 d5 3. e5 Bf5 4. Nf3 e6 5. Be2 Nd7 6. O-O Bg6 7. Be3 Nh6 8. b3
Nf5 9. c4 Be7 10. Nbd2 Ba3 11. b4 Bxb4 12. Qb3 Nxe3 13. fxe3 Qa5 14. Nb1 Qb6
15. c5 Nxc5 16. dxc5 Bxc5 17. Qxb6 axb6 18. Kf2 Ke7 19. Rd1 Ra4 20. Bd3 Rha8
21. Nc3 Ra3 22. Rac1 Bb4 23. Bxg6 hxg6 24. Ne2 Rxa2 25. Nfd4 Kd7 26. Kf3 Be7
27. Rb1 Bd8 28. Nc3 R2a3 29. Rdc1 R3a6 30. Ke2 Bc7 31. Rf1 Ke7 32. Nf3 Ra3 33.
Rbc1 Rb3 34. Rc2 Raa3 35. Rfc1 Rb4 36. Kd2 b5 37. Nd1 Re4 38. Nc3 Rc4 39. Nb1
Ra1 40. Nc3 Ra3 41. Nb1 Ba5+ 42. Ke2 Ra1 43. Nd4 Bc7 44. Rxc4 bxc4 45. Nf3 b5
46. Kd1 b4 47. Nbd2 Rxc1+ 48. Kxc1 c5 49. g4 Bd8 50. Ng5 f6 51. Ngf3 g5 52.
exf6+ gxf6 53. h4 gxh4 54. Nxh4 c3 55. Nb3 Kd6 56. Ng6 Bb6 57. Kc2 e5 58. Nh4
c4 59. Nf5+ Ke6 60. Nc1 d4 61. e4 Ba5 0-1

[Event "Olimpiada de Khanty-Mansiysk 2010"]
[Site "Khanty-Mansiysk RUS"]
[Date "2010.09.25"]
[Round "5"]
[White "Pavasovic, Dusko"]
[Black "Erdene, Ganzorig"]
[Result "1-0"]
[WhiteElo "2568"]
[BlackElo "2330"]
[PlyCount "61"]
[EventDate "2010.09.21"]
[EventType "team"]
[EventRounds "11"]
[EventCountry "RUS"]
[Source "lmi"]
[SourceDate "2010.09.21"]
[WhiteTeam "Eslovenia"]
[BlackTeam "Mongolia"]
[WhiteTeamCountry "SLO"]
[BlackTeamCountry "MGL"]

1. e4 c6 2. d4 d5 3. exd5 cxd5 4. c4 Nf6 5. Nc3 Nc6 6. Bg5 e6 7. c5 Be7 8. Bb5
O-O 9. Nf3 Ne4 10. Bxe7 Nxe7 11. Rc1 b6 12. c6 Qd6 13. O-O a6 14. Bd3 Nf6 15.
Ne5 Nxc6 16. Nxc6 Qxc6 17. Ne4 dxe4 18. Rxc6 exd3 19. Rxb6 Nd5 20. Rd6 Rb8 21.
Qd2 h6 22. Rc1 a5 23. b3 Bb7 24. f3 Ra8 25. Qxd3 Rfb8 26. Qb5 h5 27. Rd7 Ba6
28. Qxa5 Bb5 29. Ra7 Rxa7 30. Qxa7 Rd8 31. Qb7 1-0

[Event "Olimpiada de Khanty-Mansiysk 2010"]
[Site "Khanty-Mansiysk RUS"]
[Date "2010.09.25"]
[Round "5"]
[White "Batchuluun, Tsegmed"]
[Black "Sebenik, Matej"]
[Result "1-0"]
[WhiteElo "2422"]
[BlackElo "2516"]
[PlyCount "91"]
[EventDate "2010.09.21"]
[EventType "team"]
[EventRounds "11"]
[EventCountry "RUS"]
[Source "lmi"]
[SourceDate "2010.09.21"]
[WhiteTeam "Mongolia"]
[BlackTeam "Eslovenia"]
[WhiteTeamCountry "MGL"]
[BlackTeamCountry "SLO"]

1. d4 Nf6 2. c4 g6 3. Nc3 Bg7 4. e4 d6 5. f3 a6 6. Be3 c6 7. Bd3 b5 8. Qd2 Nbd7
9. Nge2 Bb7 10. Rc1 O-O 11. O-O e5 12. b3 Qe7 13. d5 b4 14. Na4 c5 15. a3 a5
16. Rc2 Kh8 17. Ra2 Ng8 18. g4 Ndf6 19. Ng3 h6 20. Kg2 Nh7 21. h4 Rfb8 22. Nb2
Bc8 23. h5 Ng5 24. Rh1 Bf6 25. Rha1 Bb7 26. Nd1 Kg7 27. Nf2 Nh7 28. Nh3 Ng5 29.
axb4 Nxh3 30. Kxh3 axb4 31. Ra7 Rxa7 32. Rxa7 Ra8 33. Qa2 Qd8 34. hxg6 Kxg6 35.
Rxa8 Qxa8 36. Qxa8 Bxa8 37. Nf5 Be7 38. Bxh6 Bb7 39. f4 Nxh6 40. Nxe7+ Kf6 41.
g5+ Kxe7 42. gxh6 Kf6 43. fxe5+ dxe5 44. Be2 Kg6 45. Bg4 Kxh6 46. d6 1-0

[Event "Olimpiada de Khanty-Mansiysk 2010"]
[Site "Khanty-Mansiysk RUS"]
[Date "2010.09.25"]
[Round "5"]
[White "Amin, Bassem"]
[Black "Karttunen, Mika"]
[Result "1-0"]
[WhiteElo "2578"]
[BlackElo "2440"]
[PlyCount "89"]
[EventDate "2010.09.21"]
[EventType "team"]
[EventRounds "11"]
[EventCountry "RUS"]
[Source "lmi"]
[SourceDate "2010.09.21"]
[WhiteTeam "Egipto"]
[BlackTeam "Finlandia"]
[WhiteTeamCountry "EGY"]
[BlackTeamCountry "FIN"]

1. e4 e6 2. d3 d5 3. Nd2 Nf6 4. Ngf3 Bc5 5. e5 Nfd7 6. c3 Bb6 7. d4 c5 8. dxc5
Nxc5 9. b4 Ncd7 10. Nb3 Nc6 11. Bb5 Qc7 12. Bf4 a6 13. Bxc6 Qxc6 14. Qd3 Nf8
15. O-O Ng6 16. Be3 Bc7 17. Bd4 O-O 18. Rfe1 b6 19. h4 f6 20. Qe3 Bd7 21. h5
Nxe5 22. Bxe5 fxe5 23. Nxe5 Bxe5 24. Qxe5 Rf5 25. Qg3 Rxh5 26. Nd4 Qc8 27. Re3
a5 28. Rae1 axb4 29. Nxe6 Bxe6 30. Rxe6 b3 31. a4 Rf5 32. Rxb6 Qc5 33. Rxb3
Raf8 34. Rb7 g6 35. Ree7 R5f7 36. Rxf7 Rxf7 37. Rxf7 Kxf7 38. Qf4+ Ke6 39. Qe3+
Kd6 40. Qxc5+ Kxc5 41. f4 h5 42. Kf2 h4 43. a5 Kb5 44. Ke3 h3 45. gxh3 1-0

[Event "Olimpiada de Khanty-Mansiysk 2010"]
[Site "Khanty-Mansiysk RUS"]
[Date "2010.09.25"]
[Round "5"]
[White "Ezat, Mohamed"]
[Black "Sipila, Vilka"]
[Result "1/2-1/2"]
[WhiteElo "2448"]
[BlackElo "2231"]
[PlyCount "187"]
[EventDate "2010.09.21"]
[EventType "team"]
[EventRounds "11"]
[EventCountry "RUS"]
[Source "lmi"]
[SourceDate "2010.09.21"]
[WhiteTeam "Egipto"]
[BlackTeam "Finlandia"]
[WhiteTeamCountry "EGY"]
[BlackTeamCountry "FIN"]

1. d4 Nf6 2. c4 e6 3. Nc3 Bb4 4. e3 b6 5. a3 Bxc3+ 6. bxc3 c5 7. Bd3 Nc6 8. Ne2
Ba6 9. e4 cxd4 10. cxd4 e5 11. f4 exd4 12. e5 Ng4 13. Nxd4 Ngxe5 14. O-O Nxd3
15. Qxd3 Nxd4 16. Qxd4 O-O 17. Rd1 Qc7 18. Bb2 f6 19. Rac1 Rac8 20. c5 bxc5 21.
Qxd7 Bb7 22. Qxc7 Rxc7 23. Bd4 Rd8 24. Bxc5 Rxd1+ 25. Rxd1 Bxg2 26. Rd8+ Kf7
27. Bd6 Rc2 28. f5 g5 29. Rd7+ Kg8 30. Be7 Bh3 31. Bxf6 h6 32. Rg7+ Kf8 33.
Rxa7 Rg2+ 34. Kf1 Rxh2+ 35. Kg1 Rg2+ 36. Kh1 h5 37. Bc3 Rf2 38. f6 g4 39. Bb4+
Kg8 40. Rg7+ Kh8 41. Rg5 Kh7 42. Rxh5+ Kg6 43. Rh8 Rxf6 44. Kh2 Rf3 45. a4 Bf1
46. Kg1 Bd3 47. a5 Be4 48. Re8 Bd5 49. a6 g3 50. Rd8 Rd3 51. Re8 Kf7 52. Rf8+
Kg7 53. a7 g2 54. Re8 Rh3 55. Re1 Kg6 56. Bc5 Kf5 57. Bd4 Kf4 58. Be5+ Kf3 59.
Bh2 Rh8 60. Rd1 Ba8 61. Rb1 Rd8 62. Rb3+ Ke2 63. Rb2+ Ke3 64. Rb1 Rd3 65. Re1+
Kf3 66. Ra1 Kg4 67. Ra4+ Kh3 68. Ra1 Rf3 69. Bd6 Rf6 70. Bh2 Rf3 71. Bd6 Kg4
72. Ra4+ Kf5 73. Ra1 Ke6 74. Bh2 Rd3 75. Re1+ Kd7 76. Rc1 Ra3 77. Be5 Ke6 78.
Ra1 Rb3 79. Re1 Kd7 80. Rc1 Rb5 81. Rd1+ Ke6 82. Bd4 Kf5 83. Bf2 Kg4 84. Rd4+
Kf3 85. Rd3+ Ke2 86. Re3+ Kd2 87. Re8 Rb1+ 88. Kh2 Rh1+ 89. Kg3 g1=Q+ 90. Bxg1
Rxg1+ 91. Kh2 Rh1+ 92. Kg3 Bc6 93. a8=Q Bxa8 94. Rxa8 1/2-1/2

[Event "Olimpiada de Khanty-Mansiysk 2010"]
[Site "Khanty-Mansiysk RUS"]
[Date "2010.09.25"]
[Round "5"]
[White "Pelletier, Yannick"]
[Black "Stefansson, Hannes"]
[Result "1/2-1/2"]
[WhiteElo "2592"]
[BlackElo "2585"]
[PlyCount "63"]
[EventDate "2010.09.21"]
[EventType "team"]
[EventRounds "11"]
[EventCountry "RUS"]
[Source "lmi"]
[SourceDate "2010.09.21"]
[WhiteTeam "Suiza"]
[BlackTeam "Islandia"]
[WhiteTeamCountry "SUI"]
[BlackTeamCountry "ISL"]

1. d4 Nf6 2. c4 e6 3. g3 d5 4. Bg2 Bb4+ 5. Bd2 Be7 6. Nf3 O-O 7. O-O c6 8. Qc2
Nbd7 9. Rd1 b6 10. b3 Ba6 11. a4 Ne4 12. Be1 Bd6 13. Na3 Qe7 14. Qb2 f5 15.
Rdc1 f4 16. cxd5 cxd5 17. Nb5 fxg3 18. hxg3 Rfc8 19. Rxc8+ Bxc8 20. Nxd6 Qxd6
21. b4 Bb7 22. b5 a5 23. bxa6 Bxa6 24. Bb4 Qc6 25. Nd2 Ndf6 26. a5 Nxd2 27.
Qxd2 Bc4 28. Ra3 bxa5 29. Rxa5 Rxa5 30. Bxa5 Qb5 31. Bf3 Ne4 32. Qb4 1/2-1/2

[Event "Olimpiada de Khanty-Mansiysk 2010"]
[Site "Khanty-Mansiysk RUS"]
[Date "2010.09.25"]
[Round "5"]
[White "Steingrimsson, Hedinn"]
[Black "Gallagher, Joseph"]
[Result "1/2-1/2"]
[WhiteElo "2550"]
[BlackElo "2517"]
[PlyCount "29"]
[EventDate "2010.09.21"]
[EventType "team"]
[EventRounds "11"]
[EventCountry "RUS"]
[Source "lmi"]
[SourceDate "2010.09.21"]
[WhiteTeam "Islandia"]
[BlackTeam "Suiza"]
[WhiteTeamCountry "ISL"]
[BlackTeamCountry "SUI"]

1. d4 f5 2. g3 Nf6 3. Bg2 g6 4. Nf3 Bg7 5. b4 c6 6. c4 d5 7. Qc2 Be6 8. Nbd2 a5
9. bxa5 Qxa5 10. cxd5 Bxd5 11. O-O Qa4 12. Qb1 Nbd7 13. e3 c5 14. dxc5 Nxc5 15.
Nd4 1/2-1/2

[Event "Olimpiada de Khanty-Mansiysk 2010"]
[Site "Khanty-Mansiysk RUS"]
[Date "2010.09.25"]
[Round "5"]
[White "Ekstroem, Roland"]
[Black "Thorfinnsson, Bragi"]
[Result "0-1"]
[WhiteElo "2489"]
[BlackElo "2415"]
[PlyCount "80"]
[EventDate "2010.09.21"]
[EventType "team"]
[EventRounds "11"]
[EventCountry "RUS"]
[Source "lmi"]
[SourceDate "2010.09.21"]
[WhiteTeam "Suiza"]
[BlackTeam "Islandia"]
[WhiteTeamCountry "SUI"]
[BlackTeamCountry "ISL"]

1. c4 Nf6 2. Nf3 c6 3. d4 d5 4. e3 Bf5 5. Nc3 e6 6. Nh4 Bg6 7. Bd2 Nbd7 8. Be2
dxc4 9. Nxg6 hxg6 10. Bxc4 Be7 11. Qc2 Rc8 12. h3 a6 13. O-O c5 14. dxc5 Bxc5
15. Bb3 g5 16. f3 Qc7 17. Rf2 g4 18. fxg4 Ne5 19. Ne4 Nfxg4 20. Re2 Nd3 21. g3
Nge5 22. Nxc5 Nxc5 23. h4 Qc6 24. e4 Nf3+ 25. Kg2 Nd4 26. Bd5 Qd7 27. Qc3 Nxe2
28. Qxg7 Rf8 29. Bh6 Qe7 30. Re1 exd5 31. exd5 Qe4+ 32. Kh2 Kd7 33. Bf4 Qf3 34.
Qe5 Qf2+ 35. Kh3 Nxf4+ 36. gxf4 Qf3+ 37. Kh2 Qf2+ 38. Kh3 Rce8 39. Qf5+ Kd8 40.
Qf6+ Kc8 0-1

[Event "Olimpiada de Khanty-Mansiysk 2010"]
[Site "Khanty-Mansiysk RUS"]
[Date "2010.09.25"]
[Round "5"]
[White "Gretarsson, Hjorvar Stein"]
[Black "Buss, Ralph"]
[Result "1-0"]
[WhiteElo "2398"]
[BlackElo "2433"]
[PlyCount "61"]
[EventDate "2010.09.21"]
[EventType "team"]
[EventRounds "11"]
[EventCountry "RUS"]
[Source "lmi"]
[SourceDate "2010.09.21"]
[WhiteTeam "Islandia"]
[BlackTeam "Suiza"]
[WhiteTeamCountry "ISL"]
[BlackTeamCountry "SUI"]

1. d4 Nf6 2. c4 e6 3. g3 d5 4. Nf3 Bb4+ 5. Bd2 Be7 6. Bg2 O-O 7. O-O c6 8. Qc2
b6 9. b3 Nbd7 10. Rd1 Bb7 11. Nc3 c5 12. cxd5 Nxd5 13. e4 Nb4 14. Qb1 cxd4 15.
Nxd4 a6 16. Be3 Rc8 17. Qb2 Qe8 18. Rac1 Ne5 19. Qe2 b5 20. f4 Nd7 21. e5 Bxg2
22. Kxg2 Rc7 23. a3 Qa8+ 24. Qf3 Rxc3 25. Rxc3 Nd5 26. Nc6 Bxa3 27. Rxd5 exd5
28. Qxd5 Qe8 29. b4 Bb2 30. Rc2 Ba3 31. Qd3 1-0

[Event "Olimpiada de Khanty-Mansiysk 2010"]
[Site "Khanty-Mansiysk RUS"]
[Date "2010.09.25"]
[Round "5"]
[White "Kazhgaleyev, Murtas"]
[Black "Cuartas Medina, Jaime Ale"]
[Result "1/2-1/2"]
[WhiteElo "2620"]
[BlackElo "2526"]
[PlyCount "133"]
[EventDate "2010.09.21"]
[EventType "team"]
[EventRounds "11"]
[EventCountry "RUS"]
[Source "lmi"]
[SourceDate "2010.09.21"]
[WhiteTeam "Kazajstán"]
[BlackTeam "Colombia"]
[WhiteTeamCountry "KAZ"]
[BlackTeamCountry "COL"]

1. d4 d5 2. c4 c6 3. Nf3 Nf6 4. e3 g6 5. Nc3 Bg7 6. Be2 O-O 7. O-O e6 8. b4
Nbd7 9. Qb3 Re8 10. a4 Ne4 11. Bb2 dxc4 12. Bxc4 Nd6 13. Be2 e5 14. d5 cxd5 15.
Nxd5 Nb6 16. Nxb6 axb6 17. b5 Ne4 18. Qb4 Nc5 19. a5 e4 20. Rfd1 Qe7 21. Nd4
bxa5 22. Rxa5 Rxa5 23. Qxa5 Nb3 24. Qb6 Qc5 25. Qxc5 Nxc5 26. Ba3 Nd7 27. Nb3
Ne5 28. b6 Bd7 29. Na5 Ra8 30. Bb4 Ba4 31. Rb1 Nc6 32. Nxc6 Bxc6 33. g4 Ra1 34.
Rxa1 Bxa1 35. g5 Kg7 36. h4 h6 37. Kg2 f5 38. Bd6 hxg5 39. hxg5 Bd5 40. Kg3 Kf7
41. Bb5 Ke6 42. Bc7 Ke7 43. Kf4 Bc3 44. Be5 Bb4 45. Bc7 Bc3 46. Ba4 Bb2 47. Kg3
Bc3 48. Kg2 Ba5 49. Bb5 Bc3 50. Kf1 Ba5 51. Kg2 Bc3 52. Kg3 Ba5 53. Kf4 Bc3 54.
Be5 Bb4 55. Bb8 Bc3 56. Bc7 Bb2 57. Be5 Ba3 58. Kg3 Bc5 59. Bf6+ Kf7 60. Bd8
Bd6+ 61. Kg2 Be5 62. Bc7 Bc3 63. Bd6 Ba5 64. Bc5 Bc3 65. Bd7 Be5 66. Kf1 Bc4+
67. Kg2 1/2-1/2

[Event "Olimpiada de Khanty-Mansiysk 2010"]
[Site "Khanty-Mansiysk RUS"]
[Date "2010.09.25"]
[Round "5"]
[White "Escobar Forero, Alder"]
[Black "Jumabayev, Rinat"]
[Result "0-1"]
[WhiteElo "2454"]
[BlackElo "2547"]
[PlyCount "92"]
[EventDate "2010.09.21"]
[EventType "team"]
[EventRounds "11"]
[EventCountry "RUS"]
[Source "lmi"]
[SourceDate "2010.09.21"]
[WhiteTeam "Colombia"]
[BlackTeam "Kazajstán"]
[WhiteTeamCountry "COL"]
[BlackTeamCountry "KAZ"]

1. e4 e6 2. d4 d5 3. Nc3 Nf6 4. Bg5 dxe4 5. Nxe4 Nbd7 6. Nf3 h6 7. Bxf6 Nxf6 8.
Bd3 c5 9. Nxf6+ gxf6 10. Bb5+ Bd7 11. Bxd7+ Qxd7 12. Qe2 O-O-O 13. O-O-O Qa4
14. dxc5 Bxc5 15. Kb1 Qc6 16. a3 a6 17. Rhf1 Bb6 18. Rd3 Rxd3 19. Qxd3 Rd8 20.
Qe2 Qd5 21. Rc1 Qc5 22. Rf1 Bc7 23. Qe3 Qxe3 24. fxe3 f5 25. g3 Rg8 26. Kc1 Kd7
27. Kd2 Bd8 28. e4 fxe4 29. Ne5+ Ke8 30. Nxf7 Bc7 31. Nxh6 Rg6 32. Nf7 Rg7 33.
Nh6 Rg6 34. Nf7 Ke7 35. h4 Rxg3 36. Ng5 e3+ 37. Kd3 Rg2 38. Rf7+ Kd6 39. Rf6
Rd2+ 40. Kc3 Kd5 41. Rxe6 Be5+ 42. Kb3 Rf2 43. c4+ Kd4 44. Re8 e2 45. Ne6+ Ke3
46. Ng7 Ke4 0-1

[Event "Olimpiada de Khanty-Mansiysk 2010"]
[Site "Khanty-Mansiysk RUS"]
[Date "2010.09.25"]
[Round "5"]
[White "Arenas, David"]
[Black "Ismagambetov, Anuar"]
[Result "1/2-1/2"]
[WhiteElo "2457"]
[BlackElo "2492"]
[PlyCount "60"]
[EventDate "2010.09.21"]
[EventType "team"]
[EventRounds "11"]
[EventCountry "RUS"]
[Source "lmi"]
[SourceDate "2010.09.21"]
[WhiteTeam "Colombia"]
[BlackTeam "Kazajstán"]
[WhiteTeamCountry "COL"]
[BlackTeamCountry "KAZ"]

1. e4 e5 2. Nf3 Nc6 3. Bb5 Nf6 4. O-O Nxe4 5. d4 Nd6 6. Bxc6 dxc6 7. dxe5 Nf5
8. Qxd8+ Kxd8 9. Nc3 a5 10. h3 h6 11. Bf4 Be6 12. g4 Ne7 13. Nd4 Nd5 14. Rad1
Ke8 15. Nxe6 fxe6 16. Ne2 Bc5 17. c4 Nb6 18. b3 a4 19. Bc1 axb3 20. axb3 Kf7
21. Nf4 Rhd8 22. Bb2 Be7 23. Kg2 Nd7 24. Nd3 Nc5 25. Nxc5 Bxc5 26. Kf3 Rxd1 27.
Rxd1 Ra2 28. Bd4 Bxd4 29. Rxd4 Ke7 30. Ke3 Rb2 1/2-1/2

[Event "Olimpiada de Khanty-Mansiysk 2010"]
[Site "Khanty-Mansiysk RUS"]
[Date "2010.09.25"]
[Round "5"]
[White "Megaranto, Susanto"]
[Black "Djukic, Nikola"]
[Result "1/2-1/2"]
[WhiteElo "2516"]
[BlackElo "2475"]
[PlyCount "88"]
[EventDate "2010.09.21"]
[EventType "team"]
[EventRounds "11"]
[EventCountry "RUS"]
[Source "lmi"]
[SourceDate "2010.09.21"]
[WhiteTeam "Indonesia"]
[BlackTeam "MNE"]
[WhiteTeamCountry "INA"]

1. d4 Nf6 2. Nf3 g6 3. Bg5 Bg7 4. Nbd2 c5 5. e3 cxd4 6. exd4 O-O 7. c3 d6 8.
Bc4 Nc6 9. O-O Qc7 10. Re1 e5 11. dxe5 dxe5 12. Bxf6 Bxf6 13. Ne4 Be7 14. Qe2
Kg7 15. Ng3 Bg4 16. Bd5 f6 17. Qc4 Bxf3 18. Bxf3 f5 19. Bxc6 bxc6 20. Rad1 Rad8
21. b4 Rxd1 22. Rxd1 Rd8 23. Rxd8 Bxd8 24. Qe6 Bf6 25. Nf1 e4 26. c4 Qe7 27.
Qxc6 Qxb4 28. g3 Be7 29. Kg2 Bc5 30. Qc7+ Kg8 31. Qc8+ Kg7 32. Qd7+ Kh6 33.
Qd2+ Qxd2 34. Nxd2 Kg7 35. Nb3 Bb4 36. f3 Kf6 37. Kf2 Ke5 38. f4+ Kd6 39. Ke2
Bc5 40. Kf1 Be3 41. h4 h6 42. Ke2 Bg1 43. Kf1 Be3 44. Ke2 Bg1 1/2-1/2

[Event "Olimpiada de Khanty-Mansiysk 2010"]
[Site "Khanty-Mansiysk RUS"]
[Date "2010.09.25"]
[Round "5"]
[White "Kosic, Dragan"]
[Black "Novita, Anjas"]
[Result "1-0"]
[WhiteElo "2481"]
[BlackElo "2356"]
[PlyCount "79"]
[EventDate "2010.09.21"]
[EventType "team"]
[EventRounds "11"]
[EventCountry "RUS"]
[Source "lmi"]
[SourceDate "2010.09.21"]
[WhiteTeam "MNE"]
[BlackTeam "Indonesia"]
[BlackTeamCountry "INA"]

1. d4 Nf6 2. Bg5 h6 3. Bxf6 exf6 4. e3 d5 5. c4 dxc4 6. Bxc4 Bd6 7. Nc3 O-O 8.
Nge2 a6 9. Qc2 Nc6 10. a3 f5 11. Bd3 Qg5 12. g3 Bd7 13. Nf4 Rfe8 14. O-O-O b5
15. h4 Qd8 16. Bxf5 b4 17. Bxd7 Qxd7 18. axb4 Nxb4 19. Qa4 Qf5 20. Rd2 Rab8 21.
Rhd1 Bxf4 22. gxf4 Re6 23. d5 Reb6 24. Rd4 Qg4 25. Rc4 Qxh4 26. Rd2 Qe7 27.
Rdd4 a5 28. Qxa5 Na6 29. Nd1 Qd6 30. Nc3 Qg6 31. Nd1 Qg1 32. Kc2 Qf1 33. Qd2
Rb5 34. e4 f5 35. exf5 Rxd5 36. Ne3 Qa1 37. Qc3 Rdb5 38. Nd1 Rxf5 39. Ra4 Rc5
40. Rxa1 1-0

[Event "Olimpiada de Khanty-Mansiysk 2010"]
[Site "Khanty-Mansiysk RUS"]
[Date "2010.09.25"]
[Round "5"]
[White "Halay, Taufik"]
[Black "Drasko, Milan"]
[Result "1/2-1/2"]
[WhiteElo "2358"]
[BlackElo "2486"]
[PlyCount "72"]
[EventDate "2010.09.21"]
[EventType "team"]
[EventRounds "11"]
[EventCountry "RUS"]
[Source "lmi"]
[SourceDate "2010.09.21"]
[WhiteTeam "Indonesia"]
[BlackTeam "MNE"]
[WhiteTeamCountry "INA"]

1. d4 e6 2. c4 Nf6 3. Nc3 Bb4 4. a3 Bxc3+ 5. bxc3 c5 6. f3 O-O 7. e4 Ne8 8. Be3
b6 9. d5 Qe7 10. Bd3 d6 11. Ne2 Nd7 12. O-O Ne5 13. f4 Nxd3 14. Qxd3 Ba6 15.
Bd2 f5 16. Ng3 fxe4 17. Nxe4 h6 18. Rfe1 Nc7 19. dxe6 d5 20. Ng3 Bxc4 21. Qg6
Qf6 22. Qg4 Bd3 23. Re5 Qg6 24. Qxg6 Bxg6 25. f5 Be8 26. Ne2 Bc6 27. g4 Ne8 28.
Nf4 Nf6 29. Ng6 Nxg4 30. Re2 Kh7 31. Nxf8+ Rxf8 32. h3 Nf6 33. Re5 Ne4 34. Be1
Nd6 35. e7 Rxf5 36. Bg3 Rf3 1/2-1/2

[Event "Olimpiada de Khanty-Mansiysk 2010"]
[Site "Khanty-Mansiysk RUS"]
[Date "2010.09.25"]
[Round "5"]
[White "Kalezic, Blazo"]
[Black "Irwanto, Sadikin"]
[Result "1/2-1/2"]
[WhiteElo "2449"]
[BlackElo "2419"]
[PlyCount "61"]
[EventDate "2010.09.21"]
[EventType "team"]
[EventRounds "11"]
[EventCountry "RUS"]
[Source "lmi"]
[SourceDate "2010.09.21"]
[WhiteTeam "MNE"]
[BlackTeam "Indonesia"]
[BlackTeamCountry "INA"]

1. e4 e5 2. Nf3 Nc6 3. Bb5 a6 4. Ba4 Nf6 5. O-O Be7 6. Re1 b5 7. Bb3 O-O 8. a4
b4 9. d3 d6 10. a5 Bg4 11. Be3 d5 12. Nbd2 h6 13. h3 d4 14. hxg4 dxe3 15. fxe3
Nxg4 16. Bd5 Qd7 17. Nc4 Bf6 18. Nh2 Nxh2 19. Kxh2 Rab8 20. Bxc6 Qxc6 21. b3 g6
22. Qg4 Bg7 23. Rf1 Rb5 24. Rad1 Qe8 25. Kg1 h5 26. Qh3 Rb8 27. Rf2 Qc8 28.
Qxc8 Rbxc8 29. Rdf1 Rcd8 30. g3 Rd7 31. Kg2 1/2-1/2

[Event "Olimpiada de Khanty-Mansiysk 2010"]
[Site "Khanty-Mansiysk RUS"]
[Date "2010.09.25"]
[Round "5"]
[White "Rozentalis, Eduardas"]
[Black "Al-Sayed, Mohammed"]
[Result "1-0"]
[WhiteElo "2611"]
[BlackElo "2495"]
[PlyCount "57"]
[EventDate "2010.09.21"]
[EventType "team"]
[EventRounds "11"]
[EventCountry "RUS"]
[Source "lmi"]
[SourceDate "2010.09.21"]
[WhiteTeam "Lituania"]
[BlackTeam "Qatar"]
[WhiteTeamCountry "LTU"]
[BlackTeamCountry "QAT"]

1. e4 e5 2. Nf3 Nc6 3. Bb5 Nge7 4. O-O g6 5. d4 exd4 6. Nxd4 Bg7 7. Nxc6 bxc6
8. Bd3 O-O 9. c3 d6 10. Bg5 h6 11. Bh4 g5 12. Bg3 Be6 13. Nd2 Qd7 14. f4 gxf4
15. Rxf4 Ng6 16. Rf2 Ne5 17. Bxe5 Bxe5 18. Qh5 Kh7 19. Raf1 Kg7 20. Nf3 f6 21.
Nxe5 dxe5 22. Rf3 Qf7 23. Qh4 Qe7 24. Be2 Rad8 25. Rg3+ Kh7 26. Bh5 Bf7 27. Rh3
Bxh5 28. Qxh5 Qg7 29. Rg3 1-0

[Event "Olimpiada de Khanty-Mansiysk 2010"]
[Site "Khanty-Mansiysk RUS"]
[Date "2010.09.25"]
[Round "5"]
[White "Malisauskas, Vidmantas"]
[Black "Nezad, Husein Aziz"]
[Result "1-0"]
[WhiteElo "2510"]
[BlackElo "2394"]
[PlyCount "93"]
[EventDate "2010.09.21"]
[EventType "team"]
[EventRounds "11"]
[EventCountry "RUS"]
[Source "lmi"]
[SourceDate "2010.09.21"]
[WhiteTeam "Lituania"]
[BlackTeam "Qatar"]
[WhiteTeamCountry "LTU"]
[BlackTeamCountry "QAT"]

1. e4 e5 2. Nf3 Nc6 3. Bb5 Nge7 4. d4 exd4 5. Nxd4 g6 6. Nxc6 Nxc6 7. Bxc6 bxc6
8. Qd4 f6 9. O-O Bg7 10. b3 O-O 11. Bb2 Rf7 12. Qd2 d6 13. c4 Qf8 14. Re1 Bd7
15. Nc3 Re8 16. f3 f5 17. exf5 Bxf5 18. Rxe8 Qxe8 19. Re1 Re7 20. Rxe7 Qxe7 21.
g4 Bd7 22. Ne4 h6 23. Bxg7 Qxg7 24. Kf2 g5 25. Qc3 Qxc3 26. Nxc3 Kf7 27. Kg3
Ke6 28. f4 d5 29. h4 Be8 30. h5 Kd6 31. b4 gxf4+ 32. Kxf4 dxc4 33. Ne4+ Kd5 34.
Ke3 Bf7 35. g5 hxg5 36. h6 Bg6 37. Nxg5 c5 38. b5 c3 39. h7 Bxh7 40. Nxh7 c4
41. Ng5 Kc5 42. Ne4+ Kb4 43. Ke2 c2 44. Kd2 Ka3 45. Kxc2 Kxa2 46. Kc3 Ka3 47.
Nc5 1-0

[Event "Olimpiada de Khanty-Mansiysk 2010"]
[Site "Khanty-Mansiysk RUS"]
[Date "2010.09.25"]
[Round "5"]
[White "Al-Tamimi, Hamad"]
[Black "Zagorskis, Darius"]
[Result "1/2-1/2"]
[WhiteElo "2250"]
[BlackElo "2497"]
[PlyCount "88"]
[EventDate "2010.09.21"]
[EventType "team"]
[EventRounds "11"]
[EventCountry "RUS"]
[Source "lmi"]
[SourceDate "2010.09.21"]
[WhiteTeam "Qatar"]
[BlackTeam "Lituania"]
[WhiteTeamCountry "QAT"]
[BlackTeamCountry "LTU"]

1. e4 d6 2. d4 Nf6 3. Nc3 e5 4. Nf3 Nbd7 5. Bc4 Be7 6. O-O O-O 7. h3 a6 8. a4
b6 9. Re1 Bb7 10. Bg5 c6 11. d5 c5 12. Nd2 Ne8 13. Be3 Bg5 14. Nf1 g6 15. Qg4
Bxe3 16. Nxe3 Ng7 17. Bd3 Bc8 18. Nc4 f5 19. Qe2 Nf6 20. Rab1 Ngh5 21. b4 Nf4
22. Qf1 cxb4 23. Rxb4 fxe4 24. Bxe4 Rb8 25. Reb1 Nxe4 26. Nxe4 Nxd5 27. R4b2
Be6 28. Ncxd6 a5 29. c4 Nb4 30. Rd1 Qe7 31. Rbd2 Bd7 32. Nb5 Bc6 33. Qe2 Rf4
34. Ng3 Qc5 35. Rd8+ Rxd8 36. Rxd8+ Kg7 37. Nd6 Rd4 38. Ngf5+ gxf5 39. Nxf5+
Kf6 40. Nxd4 exd4 41. Qg4 d3 42. Qh4+ Kg7 43. Qg4+ Kf6 44. Qh4+ Ke5 1/2-1/2